Những bệnh truyền lan giữa người và gia súc

Đã lưu trong:
書目詳細資料
主要作者: Võ Văn Ninh
格式: 圖書
語言:Undetermined
出版: Tp. HCM Trẻ 2001
主題:
標簽: 添加標簽
沒有標簽, 成為第一個標記此記錄!
Thư viện lưu trữ: Trung tâm Học liệu Trường Đại học Cần Thơ
LEADER 00540nam a2200169Ia 4500
001 CTU_40706
008 210402s9999 xx 000 0 und d
082 |a 636.089696 
082 |b N312 
100 |a Võ Văn Ninh 
245 0 |a Những bệnh truyền lan giữa người và gia súc 
245 0 |c Võ Văn Ninh 
260 |a Tp. HCM 
260 |b Trẻ 
260 |c 2001 
650 |a communicale diseases,parasitic diseases,veterinary medicine,viral diseases 
980 |a Trung tâm Học liệu Trường Đại học Cần Thơ